Bách khoa thư dành cho giới trẻ

Đã lưu trong:
書目詳細資料
主要作者: Phan Đào Nguyên
格式: 圖書
語言:English
出版: Lao Động 2004
主題:
標簽: 添加標簽
沒有標簽, 成為第一個標記此記錄!
Thư viện lưu trữ: Mạng thư viện Đại học Đà Nẵng
LEADER 01011cam a22003131a 4500
001 000032993
003 9121
005 20151021000000.0
008 151016s2004 000 eng
041 |a eng 
082 |a 495.923  |b PH-N 
100 |a Phan Đào Nguyên 
245 |a Bách khoa thư dành cho giới trẻ  |c Phan Đào Nguyên 
260 |a Lao Động  |c 2004 
300 |a 1094tr. : mh ; 25 cm 
650 |a Bách khoa thư, giới trẻ, 2004 
852 |b Chuyên đề  |c Từ điền 1 
OWN |a LNN 
AVA |a UDN50  |b LNN  |d 495.923 PH-N  |e available  |t Error 5001 Not defined in file expand_doc_bib_avail.  |f 1  |g 0  |h N  |i 0  |k 1 
999 |a From the UDN01 
AVA |a UDN50  |b LNN  |d 495.923 PH-N  |e available  |t Error 5001 Not defined in file expand_doc_bib_avail.  |f 1  |g 0  |h N  |i 0  |k 1 
TYP |a Monograph 
980 |a Mạng thư viện Đại học Đà Nẵng